00258nam a2200109Ia 4500008004100000100001400041245003900055260001600094260000900110546001200119999001700131170619s9999 xx 000 0 und d aGold- Ben 0aSpeech and Audio Signal Processing bWiley-India c2007 aENGLISH c20500d20500